header

The corporate free-speech movement (Record no. 13357)

MARC details
000 -LEADER
fixed length control field 01758nam a22003494a 4500
082 04 - DEWEY DECIMAL CLASSIFICATION NUMBER
Classification number 342.7308/53
100 1# - MAIN ENTRY--AUTHOR NAME
Personal name Kerr, Robert L.
245 14 - TITLE STATEMENT
Title The corporate free-speech movement
260 ## - PUBLICATION, DISTRIBUTION, ETC. (IMPRINT)
Place of publication New York :
Name of publisher LFB Scholarly Pub. LLC,
Year of publication 2008.
300 ## - PHYSICAL DESCRIPTION
Number of Pages ix, 275 p.
490 1# - SERIES STATEMENT
Series statement Law and society
505 0# - FORMATTED CONTENTS NOTE
Formatted contents note The age of cognitive feudalism -- Setting the stage -- An ideology blossoms -- Pottersville, Inc -- Adam Smith in the marketplace of ideas -- The rationale of the rehnquist doctrine -- Incorporating Meiklejohn's model more faithfully -- A jurisprudence on the brink -- Dagger at the throat of the news media -- Cloaking the commercial as political -- An age still in spin.
650 #0 - SUBJECT ADDED ENTRY--TOPICAL TERM
Topical Term Corporate speech
Topical Term Corporations
856 40 - ELECTRONIC LOCATION AND ACCESS
Uniform Resource Identifier http://site.ebrary.com/lib/rucke/Doc?id=10256723

No items available.

© 2026 Rongo University
Contact us: librarian | system librarian | Rongo university